000 00452nam a2200121Ia 4500
008 160712s9999 xx 000 0 und d
100 _aGroyon, Vicente Garcia.
245 _cVicente Garcia Groyon
_aTraversing Fiction and Nonfiction in Travel Writing
260 _c2012
_bLikhaan: The Journal of Contemporary Philippine Literature
300 _avol. 6
650 _xNONFICTION
856 _uhttp://journals.upd.edu.ph/index.php/lik/issue/view/536/showToc
999 _c297462
_d297462